000 00615nam a2200193 i 4500
001 134509
003 ES-MaACL
005 20240428063037.0
007 t|
008 070911s1946 ag ||||1| spa d
100 0 _aWhitman, Walt,
_d1819-1892
_9116708
245 1 0 _aDías ejemplares de América /
_cWalt Whitman ; [traducción directa de Telma Rohstein y Jaime Blanco].
260 _aBuenos Aires :
_bArgonauta,
_c1946.
300 _a286 p. ;
_c21 cm.
700 1 _aRohstein, Telma.
_998990
700 1 _aBlanco, Jaime.
_929183
852 _aES-MaACL
_jD-5463
_bR.30218
999 _c134509
_d134509